| 000 | 01182nam a22002177a 4500 | ||
|---|---|---|---|
| 003 | OSt | ||
| 005 | 20260601171019.0 | ||
| 008 | 260520b\\\\\\\\||||||||\||||\00|\0\eng\d | ||
| 040 |
_aICI _bspa _cICI |
||
| 050 |
_aN910.M336 _bA6 |
||
| 245 |
_aarte, diseño, billete, maculatura, refines _ccoordinación del proyecto José Antonio Sánchez Saavedra |
||
| 260 |
_aCiudad de México : _bBanco de México : _bTrilce Ediciones, _c2017 |
||
| 300 |
_a190 páginas : _bilustraciones, fotografías a color |
||
| 500 | _aArtistas participantes: Pilar Bordes, Teresa Cito, Saúl Kaminer, Christa Klinckwort, Lenka Klobásová, Paula Krauze, Anette Khun, Manuel Marín, Yolanda Mora, Paul Nevin, Darío Ortíz, Sandra Pani, Maribel Portela, Nunik Sauret, Elena Segurajáuregui, Naomi Siegmann, María Tello, Ireri Topete, Paloma Torres y Héctor Velázquez | ||
| 610 |
_aMuseo Banco de México _vExposiciones _934443 |
||
| 650 |
_aArte moderno _vExposiciones _zMéxico _934444 |
||
| 650 |
_aBilletes de banco en el arte _vExposiciones _934445 |
||
| 700 |
_aSánchez Saavedra, José Antonio, _eeditor _934446 |
||
| 710 |
_aPrograma Arte/Billete/Maculatura/Refines/Diseño _934447 |
||
| 942 |
_2lcc _cB _n1 |
||
| 999 |
_c20833 _d20833 |
||